000
00274nam a2200109Ia 4500
008
190216s9999||||xx |||||||||||||| ||und||
100
_a
Abdul Hasan Ali Nadiri
245
0
_a
Madha Khasirul Alamalin Hitatul Muslimeen
260
_b
Naduatul Ulama
650
_a
Arabic
942
_c
BK
999
_c
100
_d
100